Science with the VLT interferometer (Record no. 12460)

MARC details
000 -LEADER
fixed length control field 00763nam a2200193Ia 4500
003 - CONTROL NUMBER IDENTIFIER
control field IN-BaIIA
008 - FIXED-LENGTH DATA ELEMENTS--GENERAL INFORMATION
fixed length control field 211028s9999 xx 000 0 eng d
020 ## - INTERNATIONAL STANDARD BOOK NUMBER
International Standard Book Number 3-540-63264-6
040 ## - CATALOGING SOURCE
Transcribing agency IIA Library
080 ## - UNIVERSAL DECIMAL CLASSIFICATION NUMBER
Universal Decimal Classification number 520.2(082.2)
Item number SCI
111 ## - MAIN ENTRY--MEETING NAME
Meeting name or jurisdiction name as entry element European Southern Observatory Workshop
Location of meeting Germany
Date of meeting or treaty signing 1996 June 18-21
9 (RLIN) 21815
245 #0 - TITLE STATEMENT
Title Science with the VLT interferometer
Remainder of title proceedings of the ESO workshop Garching, Germany, 18-21 jun1996
Statement of responsibility, etc. edited by Francesco Paresce
260 ## - PUBLICATION, DISTRIBUTION, ETC.
Place of publication, distribution, etc. Berlin
Name of publisher, distributor, etc. Springer-Verlag
Date of publication, distribution, etc. 1996
300 ## - PHYSICAL DESCRIPTION
Extent xxii, 404p.
490 ## - SERIES STATEMENT
Series statement ESO astrophysics symposia
650 ## - SUBJECT ADDED ENTRY--TOPICAL TERM
Topical term or geographic name entry element VLT, Very large telescopes, Stellar astrophysics, VLT instruments
9 (RLIN) 21816
700 ## - ADDED ENTRY--PERSONAL NAME
Personal name Paresce, Francesco ed.
9 (RLIN) 21817
942 ## - ADDED ENTRY ELEMENTS (KOHA)
Koha item type Books
Holdings
Withdrawn status Lost status Damaged status Not for loan Home library Current library Shelving location Date acquired Source of acquisition Total Checkouts Full call number Barcode Date last seen Price effective from Koha item type Purchase Price
        IIA Library-Bangalore IIA Library-Bangalore General Stacks 03/04/1998 ANJ   520.2(082.2)/ SCI 13376 05/11/2021 03/04/1998 Books DM 48.00

Powered by Koha